15 Największych miast w Belgii na mapie - Statystyki

Ogólne statystyki
  • Ten quiz został rozwiązany 54 razy
    50 od ostatniego zresetowania
  • Średni wynik to 7 z 15
Odpowiedzi na mapie
Odpowiedzi zakodowano w zielono-czerwonej skali na mapie do tego quizu, zgodnie z poniższymi procentami.
 
Statystyki odpowiedzi
Region Miasto Populacja % Poprawnych
Region stołeczny Bruksela 200k
100%
Flandria Antwerpia 560k
96%
Flandria Brugia 120k
87%
Flandria Gandawa 270k
78%
Walonia Liège / Luik 195k
70%
Walonia Charleroi 205k
52%
Flandria Malines / Mechelen 90k
30%
Walonia Namur / Namen 115k
30%
Flandria Louvain / Leuven 105k
26%
Region stołeczny Anderlecht 125k
22%
Walonia Mons / Bergen 95k
17%
Flandria Hasselt 90k
13%
Region stołeczny Molenbeek-Saint-Jean / Sint-Jans-Molenbeek 100k
13%
Flandria Alost / Aalst 90k
9%
Region stołeczny Schaerbeek 130k
9%
Nie znaleziono quizów pasujących do podanych kryteriów
Rozkład punktacji
Procent ludzi z każdym wynikiem
Percentyl według liczby udzielonych odpowiedzi
Twoja historia wyników
Nie rozwiązałeś tego quizu od ostatniego zresetowania